00786nam a2200253 a 4500001001300000003000900013005001700022008004100039020001000080082001800090100002800108245005900136260006000195300001300255500003500268505001000303650002000313650002300333700002800356902000800384942000700392952011800399999001500517nice12345678IN_TiNIC20260116011644.0050524s0000 hyda grp 000 0 eng  ac10000a297.1977bSID aSiddiqui, M Muslehuddin aConcept of National Integration of Sir Syed Ahmed Khan aHyderabadbAndhra Pradesh Publich Lib.Associationc0000 a201-231p aincludes index and biblioraphy2 aIndex aSyed Ahmad Khan aIslam and Politics1 aSiddiqui, M Muslehuddin bSRS cBK 001040708StackRoom-aHMIbHMId2011-09-02g100.00l0o297.1977 SIDp06924r2011-09-02v100.00w2005-05-24yBK c3174d3174